LEADER 00599nab a2200145 i 4500 001 000000306201 003 CaOOAMICUS 005 20180831172852.0 008 180831n it uu u0 0ita r 013 $a14600 040 $aSeMil$bita 245 10$aBiocronologia del Card. Celso Costantini. 700 1 $aCostantini, Celso,$c.$0(OLS)http://semarc/name/1723 773 0 $tArte Cristiana onora la memoria del suo Fondatore, Card. Celso Costantini nel cinquantenario della morte. - Contiene.$gp.2-2$w()270447 996 $6245$aBiocronologia del Card. Celso Costantini.$9(OLS)http://semarc/title/381627 LEADER 00629nam a2200181 i 4500 001 000000035417 003 CaOOAMICUS 005 19970326000000.0 008 970326n it u000 u ita u 013 $a3665 040 $aSeMil$bita 100 1 $aRipa, Cesare,$d.$0(OLS)http://semarc/name/16498 245 10$aIconologia /. 650 4$aIconografia.$0(OLS)http://semarc/subject/1742 700 1 $aOrlandi, Cesare.$0(OLS)http://semarc/name/16499 850 $aSeMil 852 $aSeMil$W1$xVenegono$y1$m3Y VI 34-37 FA$j1572$B1572$CSeMilBibl$Z2$F1572 $8I 996 $6245$aIconologia$9(OLS)http://semarc/title/48471